Presentación del volúmen XII Semanas de Estudios Romanos, in memoriam de la profesora Gioia Conta

Kaydedildi:
Detaylı Bibliyografya
Yazar: Marín Riveros, José Alejandro (autor)
Materyal Türü: Kitap
Dil:İspanyolca
Baskı/Yayın Bilgisi: Viña del Mar Pontificia Universidad Católica de Valparaíso. Instituto de Historia 2004
Konular:
Etiketler: Etiketle
Etiket eklenmemiş, İlk siz ekleyin!

MARC

LEADER 00000nam a2200000 a 4500
001 UCG1185
003 CL-VaPUC
008 100422e20040000cl 1 spa d
082 0 4 |a 983  |b MAR  |2 21 
100 |a Marín Riveros, José Alejandro  |e autor  |9 890508 
245 1 0 |a Presentación del volúmen XII Semanas de Estudios Romanos, in memoriam de la profesora Gioia Conta 
246 1 0 |a XXI Semana de Estudios Romanos 
260 |a Viña del Mar  |b Pontificia Universidad Católica de Valparaíso. Instituto de Historia  |c 2004 
300 |a pág. irreg 
650 0 0 |a Homenajes  |9 258192 
942 |c BK 
945 |a dcastane  |d 20100422 00:00:00 
546 |a En Español 
536 |a Pontificia Universidad Católica de Valparaíso. Instituto de Historia 
518 |p Semana de Estudios Romanos, 21, Viña del Mar, 26 al 29 octubre 2004 
999 |c 384539  |d 384537 
583 |k Rodrigo Vera 
952 |0 0  |1 0  |4 0  |6 983_000000000000000_MAR_2004  |7 0  |8 R  |9 507328  |a BIBHIS  |b BIBHIS  |d 2020-01-23  |h vhs  |i 4613619  |o 983 MAR 2004  |p 4613619  |r 2020-01-23  |w 2020-01-23  |y BK_R  |k HIS